LDR 00975naa#a2200181#i#450# 001 RU\\bibl\126810 005 20260701160640.3 011 ## _a1815-588X 100 ## _a20260630b2026####ek#y0rusy0150####ca 102 ## _aRU 200 1# _aМодель процесса анализа сетевой активности элементов телефонной IP-сети комплексом компьютерной разведки нарушителя _eЖурнальная статья 210 1# _aСанкт-Петербург _cФГБОУ ВО "Петербургский государственный университет путей сообщения Императора Александра I" _d2026 215 ## _a14 с. 608 ## _aЖурнальная статья _2local 675 ## _aЦелостность данных. 004.056.2 _z 700 #1 _aПривалов _gАндрей Андреевич 700 #1 _aТитов _gДаниил Дмитриевич 856 4# _aitt-pgups.ru _u